Riconosci il calciatore dalla foto - Quiz n°3 - Statistics

Statistiche generali
  • Questo quiz è stato fatto 444 volte
  • Il punteggio medio è 7 su 10
Statistiche sulle risposte
con Immagini Risposta % Corretto
Emiliano Martinez
92%
Ivan Rakitic
84%
Marko Arnautovic
84%
Harry Maguire
83%
Petr Čech
83%
Grégoire Defrel
77%
Antonio Candreva
73%
Anthony Lopes
48%
Ander Herrera
44%
Eljero Elia
6%
Nessun quiz corrispondente trovato
Distribuzione punteggi
Percentuale di utenti per punteggio
Percentile per numero di risposta
I tuoi punteggi nel tempo
Non hai fatto questo quiz